English literature in the sixteenth century excluding drama.
Wedi'i Gadw mewn:
| Prif Awdur: | |
|---|---|
| Fformat: | Llyfr |
| Cyhoeddwyd: |
Oxford, United Kingdom:
Clarendon Press,
1954.
|
| Cyfres: | Oxford History of English Literature
|
| Pynciau: | |
| Tagiau: |
Ychwanegu Tag
Dim Tagiau, Byddwch y cyntaf i dagio'r cofnod hwn!
|
MARC
| LEADER | 00000nam a22000007a 4500 | ||
|---|---|---|---|
| 003 | CL-VaPUC | ||
| 005 | 20230726105322.0 | ||
| 008 | 230622t1954 ||||| |||| 00| 0 eng d | ||
| 999 | |c 441239 |d 441237 | ||
| 040 | |c Pontificia Universidad Católica de Valparaíso | ||
| 082 | |2 22 |a 820.9 LEW 1954 | ||
| 100 | |a Lewis, C. S |9 328236 |e author | ||
| 245 | |a English literature in the sixteenth century excluding drama. | ||
| 260 | |a Oxford, United Kingdom: |b Clarendon Press, |c 1954. | ||
| 300 | |a 696 páginas. | ||
| 490 | |a Oxford History of English Literature | ||
| 500 | |a c.1 Donación Marianne Oesterle. Memo EDU 8-06-2023 | ||
| 505 | |a The completion of The Clark Lectures. Trinity College, Cambridge 1944. | ||
| 583 | |c 20230622 |k Catalogador Asistente | ||
| 650 | 0 | |9 312907 |a Literatura inglesa |x Prosa y verso |y Siglo 16 |y Fin de la Edad Media | |
| 942 | |2 ddc |c BK | ||
| 952 | |0 0 |1 0 |2 ddc |4 0 |6 820_900000000000000_LEW_1954 |7 0 |8 A |9 590562 |a BIBEDU |b BIBEDU |c GEN |d 2023-06-22 |e Donación |i 5656697 |o 820.9 LEW 1954 |p 5656697 |r 2023-06-22 |t 1 |w 2023-06-22 |y BK |k CIT | ||